Name All Major and Minor Toronto Sports Teams - Statistics

General Stats
  • This quiz has been taken 7 times
  • The average score is 9 of 10
Answer Stats
Hint Answer % Correct
NBA G Raptors 905
100%
CFL Toronto Argonauts
100%
MLB Toronto Blue Jays
100%
NHL Toronto Maple Leafs
100%
NBA Toronto Raptors
100%
MLS Toronto FC
80%
MLS NP Toronto FC II
80%
AHL Toronto Marlies
80%
PWHL Toronto Sceptres
60%
WNBA Toronto Tempo
60%
No matching quizzes found
Score Distribution
Percent of People with Each Score
Percentile by Number Answered
Your Score History
You have not taken this quiz